| 000 | 00577cab a2200241 4500 | ||
|---|---|---|---|
| 001 | X549 | ||
| 008 | 090401t1993 xxu||||| |||| 00| 0 eng d | ||
| 035 | _a(Sirsi) u97794 | ||
| 041 | _aeng | ||
| 245 | _aCoastal zone mapping - pilot project | ||
| 260 | _c1993 | ||
| 350 | _a0 | ||
| 490 |
_aCS Monthly : Planning and Development bulletin _v2(7) April 1993, 4(1) |
||
| 650 | _a1:25000 | ||
| 650 | _a1:50000 | ||
| 650 | _aCHARTS | ||
| 650 | _aCOAST | ||
| 650 | _aDIGITAL | ||
| 650 | _aMAPS | ||
| 690 | _aMAPPING AND MEASUREMENT | ||
| 942 | _n0 | ||
| 948 | _c04/03/1997 | ||
| 999 |
_c59681 _d59681 |
||